| 000 | 00407nam a2200133Ia 4500 | ||
|---|---|---|---|
| 008 | 211109s9999||||xx |||||||||||||| ||und|| | ||
| 082 |
_a915.548 _bFRA-G |
||
| 100 | _aFrancis, W | ||
| 245 | 0 | _aGazetteer of South India - Vol.I | |
| 260 |
_bMittal _aDelhi _c1876 |
||
| 630 | _xREFERENCE READING ROOM | ||
| 650 |
_aHISTORY & GEOGRAPHY _vGEOGRAPHY & TRAVEL _xGEOGRAPHY OF & TRAVEL IN ASIAGeneralia |
||
| 942 | _cBOOK | ||
| 999 |
_c39448 _d39448 |
||